[Event "Maccabiah op"]
[Site "Netanya"]
[Date "1993.??.??"]
[Round "4"]
[White "Bersutzki, Gregory"]
[Black "Gepstein, G."]
[Result "0-1"]
[WhiteElo "2180"]
[BlackElo "2035"]
[PlyCount "48"]
[EventDate "1993.??.??"]
[EventType "swiss"]
[EventRounds "9"]
[EventCountry "ISR"]
[SourceTitle "EXT 1998"]
[Source "ChessBase"]
[SourceDate "1997.11.17"]
[SourceVersion "1"]
[SourceVersionDate "1997.11.17"]
[SourceQuality "1"]

1. Nf3 d5 2. c4 e6 3. g3 Nf6 4. Bg2 Be7 5. 0-0 0-0 6. b3 Nbd7 7. Bb2 b6 8. cxd5 exd5 9. Nd4 Bb7 10. Nf5 Re8 11. Nxe7+ Qxe7 12. e3 Ba6 13. Re1 Ne5 14. Ba3 c5 15. d4 Nd3 16. Bf1 Qe4 17. Nc3 Qf5 18. Bxd3 Bxd3 19. dxc5 Ng4 20. Rf1 Re6 21. Ne2 Nxh2 22. Nd4 Qe4 23. Nxe6 Nf3+ 24. Kg2 Ne1+ 0-1